Sự hình thành con người

Guardat en:
Dades bibliogràfiques
Autor principal: Trần, Đức Thảo
Format: Llibre
Idioma:Undetermined
Publicat: Hà Nội Đại học Quốc Gia 2004
Matèries:
Etiquetes: Afegir etiqueta
Sense etiquetes, Sigues el primer a etiquetar aquest registre!
Thư viện lưu trữ: Trung tâm Học liệu Trường Đại học Cần Thơ
LEADER 00538nam a2200193Ia 4500
001 CTU_73952
008 210402s9999 xx 000 0 und d
020 |c 19500 
082 |a 128 
082 |b Th108 
100 |a Trần, Đức Thảo 
245 0 |a Sự hình thành con người 
245 0 |c Trần Đức Thảo 
260 |a Hà Nội 
260 |b Đại học Quốc Gia 
260 |c 2004 
650 |a Anthropology 
904 |i Mai Loan, QHieu 
980 |a Trung tâm Học liệu Trường Đại học Cần Thơ